| 000 | 00533nam a22001817a 4500 | ||
|---|---|---|---|
| 005 | 20160823130436.0 | ||
| 010 | _aENG-115821 | ||
| 020 |
_a9789350847367 _c1500.00 |
||
| 035 | _aEN-99353 | ||
| 037 | _bDBAD/PUB | ||
| 082 | _a238.33 | ||
| 100 | _aDahiya,Raj Kumar | ||
| 245 |
_aPoltical thought of Swami Dayanad _cby Raj Kumar Dahiya |
||
| 260 |
_aNew Delhi _bCentrum Press _c2015 |
||
| 270 |
_a4360/4Ansari Road Daryaganj _bNew Delhi _e110002 |
||
| 300 |
_avii,256p. _c24cm(Hb) |
||
| 942 |
_2ddc _cEN _h238.33 _mDAH |
||
| 999 |
_c102732 _d102732 |
||